Madden 21 End of Season Top 100 - Statistics

General Stats
  • This quiz has been taken 133 times
  • The average score is 79 of 100
Answer Stats
Team Position OVR Player % Correct
Eagles C 93 Jason Kelce
100%
Chiefs TE 99 Travis Kelce
100%
Chiefs QB 99 Patrick Mahomes
99%
Chiefs WR 98 Tyreek Hill
99%
49ers TE 97 George Kittle
98%
Bills WR 97 Stefon Diggs
98%
Rams RE 99 Aaron Donald
97%
Packers QB 95 Aaron Rodgers
97%
Packers WR 99 Davante Adams
97%
Seahawks SS 90 Jamal Adams
97%
Buccaneers QB 96 Tom Brady
97%
Packers HB 90 Aaron Jones
96%
Dolphins CB 88 Byron Jones
96%
Cardinals LOLB 94 Chandler Jones
96%
Chiefs DT 92 Chris Jones
96%
Panthers HB 98 Christian McCaffrey
96%
Cardinals WR 99 Deandre Hopkins
96%
Titans HB 95 Derrick Henry
96%
Falcons WR 95 Julio Jones
96%
Browns HB 96 Nick Chubb
96%
Seahawks QB 95 Russell Wilson
95%
Seahawks MLB 96 Bobby Wagner
94%
Rams CB 97 Jalen Ramsey
94%
Texans LE 95 J.J. Watt
94%
Browns RE 98 Myles Garrett
94%
Broncos LOLB 96 Von Miller
94%
Saints HB 94 Alvin Kamara
93%
Chargers WR 93 Keenan Allen
93%
Bears LOLB 97 Khalil Mack
93%
Buccaneers WR 91 Mike Evans
93%
Patriots CB 99 Stephon Gilmore
93%
Steelers LOLB 93 T.J. Watt
93%
Bears FS 89 Eddie Jackson
92%
Ravens QB 91 Lamar Jackson
92%
Cowboys RG 98 Zack Martin
92%
Vikings HB 94 Dalvin Cook
91%
Saints WR 94 Michael Thomas
91%
Eagles DT 94 Fletcher Cox
90%
Chargers LE 93 Joey Bosa
90%
49ers RE 90 Nick Bosa
90%
Vikings SS 93 Harrison Smith
89%
Packers CB 94 Jaire Alexander
89%
Colts LG 95 Quenton Nelson
89%
49ers LT 94 Trent Williams
89%
Chiefs SS 95 Tyrann Mathieu
89%
Cowboys LT 91 Tyron Smith
89%
Packers LOLB 89 Za'Darius Smith
89%
Saints LE 93 Cameron Jordan
87%
Raiders TE 93 Darren Waller
87%
Cowboys WR 92 Amari Cooper
86%
Texans QB 90 Deshaun Watson
86%
Cardinals SS 91 Budda Baker
85%
Buccaneers WR 88 Chris Godwin
85%
49ers MLB 92 Fred Warner
85%
Raiders HB 90 Josh Jacobs
84%
Browns WR 90 Odell Beckham Jr.
83%
Bills CB 92 Tre'Davious White
83%
Vikings WR 89 Adam Thielen
82%
Chargers SS 89 Derwin James Jr.
82%
Seahawks WR 89 D.K. Metcalf
82%
Giants HB 89 Saquon Barkley
81%
Ravens CB 91 Marlon Humphrey
78%
Colts DT 91 DeForest Buckner
76%
Browns CB 89 Denzel Ward
76%
Steelers RE 92 Cameron Heyward
75%
Saints MLB 91 Demario Davis
74%
Buccaneers MLB 91 Lavonte David
74%
Dolphins CB 90 Xavien Howard
74%
Patriots FS 92 Devin McCourty
73%
Broncos FS 90 Justin Simmons
73%
Bengals FS 89 Jessie Bates III
72%
Bears WR 90 Allen Robinson II
71%
Falcons WR 88 Calvin Ridly
71%
Packers LT 96 David Bakhtiari
71%
Vikings LE 89 Danielle Hunter
69%
Saints LT 94 Terron Armstead
68%
Colts LOLB 89 Darius Leonard
67%
Vikings MLB 91 Eric Kendricks
65%
Texans LT 89 Laremy Tunsil
65%
Ravens LT 93 Ronnie Stanley
65%
Buccaneers RT 89 Tristan Wirfs
64%
Ravens RE 92 Calais Campbell
62%
Football Team CB 89 Kendall Fuller
62%
Bears CB 89 Kyle Fuller
62%
Falcons DT 90 Grady Jarrett
60%
Packers DT 89 Kenny Clark
57%
Packers SS 88 Adrian Amos
54%
Giants CB 90 James Bradberry IV
54%
Raiders C 92 Rodney Hudson
54%
Chiefs RT 94 Mitchell Schwartz
49%
Buccaneers C 89 Ryan Jensen
49%
Eagles RG 92 Brandon Brooks
46%
Saints RT 89 Ryan Ramczyk
44%
Bears LE 88 Akiem Hicks
42%
Chargers RE 89 Melvin Ingram III
40%
Raiders LG 90 Richie Incognito
39%
Buccaneers LG 89 Ali Marpet
37%
Browns RG 89 Wyatt Teller
37%
Chargers RT 88 Bryan Bulaga
32%
Vikings DT 91 Michael Pierce
32%
No matching quizzes found
Score Distribution
Percent of People with Each Score
Percentile by Number Answered
Your Score History
You have not taken this quiz